(05) - 50 villes les plus peuplées des Hautes-Alpes (05) - Statistiques

Statistiques générales
  • Ce quiz a été pris 35 fois
  • Le résultat moyen est 13 sur 50
Statistiques - réponses
nombre d'habitant Ville % Correct
40 656 Gap
100%
10 748 Briançon
87%
6 387 Embrun
73%
2 286 Guillestre
60%
3 106 Chorges
57%
3 244 Veynes
53%
3 566 Laragne-Montéglin
47%
1 303 Serres
47%
2 272 Tallard
43%
2 278 L'Argentière-la-Bessée
40%
2 081 Saint-Bonnet-en-Champsaur
40%
1 504 Saint-Chaffrey
37%
592 Vars
37%
2 611 La Bâtie-Neuve
33%
660 Orcières
33%
968 Le Monêtier-les-Bains
30%
885 Dévoluy
27%
896 La Roche-de-Rame
27%
1 675 La Roche-des-Arnauds
27%
919 La Salle-les-Alpes
27%
663 Risoul
27%
1 109 Savines-le-Lac
27%
1 133 Vallouise-Pelvoux
27%
1 375 La Saulce
23%
966 Ancelle
17%
802 Aspres-sur-Buëch
17%
643 Baratier
17%
1 161 Crots
17%
783 Neffes
17%
839 Pelleautier
17%
955 Chabottes
13%
1 223 Châteauroux-les-Alpes
13%
536 Châteauvieux
13%
792 Espinasses
13%
784 Le Poët
13%
1 090 Saint-Jean-Saint-Nicolas
13%
575 Saint-Laurent-du-Cros
13%
1 122 Saint-Martin-de-Queyrières
13%
610 Val-des-Prés
13%
1 433 Villar-Saint-Pancrace
13%
743 Aubessagne
10%
845 Eygliers
10%
523 Garde-Colombe
10%
948 La Freissinouse
10%
739 Sigoyer
10%
560 Ventavon
10%
708 Saint-André-d'Embrun
7%
716 Saint-Crépin
7%
1 342 Val Buëch-Méouge
7%
535 Montamaur
0%
Aucun quiz correspondant
Distribution des résultats
% des personnes avec chaque résultat
Percentile par nombre de réponses
Votre historique - résultats
Vous n’avez pas pris ce quiz